Vplyv vybraných faktorov na príjem materiálne deprivovaných domácností

Chudoba a materiálna deprivácia – prístupy a definície. Disponibilný príjem materiálne deprivovaných domácností. Analýza vplyvu vybraných faktorov na životné podmienky domácností na Slovensku.

Guardado en:
Detalles Bibliográficos
Autor principal: Vojtková, Mária, 1966-
Formato: Capítulo de libro
Lenguaje:eslovaco
Materias:
Etiquetas: Agregar Etiqueta
Sin Etiquetas, Sea el primero en etiquetar este registro!

MARC

LEADER 00000naa$a2200000$$$4500
001 0225001
005 20240502073704.0
041 0 |a slo 
044 |a SK 
245 1 0 |a Vplyv vybraných faktorov na príjem materiálne deprivovaných domácností  |c Mária Vojtková 
520 |a Chudoba a materiálna deprivácia – prístupy a definície. Disponibilný príjem materiálne deprivovaných domácností. Analýza vplyvu vybraných faktorov na životné podmienky domácností na Slovensku. 
610 2 0 |a príjmy domácností 
610 2 0 |a náklady životné 
610 2 0 |a potreby životné 
610 2 0 |a úroveň životná 
610 2 0 |a chudoba 
610 2 0 |a deprivácia 
610 2 0 |a analýzy 
610 2 0 |a štatistika aplikovaná 
100 1 |a Vojtková, Mária, 1966-